000 01016cam a2200337 a 4500
001 3690
003 FISKH
005 20240411113104.0
008 980303s1998 nyua a 000 1 eng
010 _a 98014076
020 _a0590379305
040 _aDLC
_cDLC
_dDLC
_beng
042 _alcac
050 0 0 _aPZ7.B7633
_bCjm 1998
082 0 0 _a[E]
_221
100 1 _aBridwell, Norman.
245 1 0 _aClifford makes a friend /
_cNorman Bridwell.
260 _aNew York :
_bScholastic,
_c1998.
300 _a32 unnumbered pages :
_bcolor illustrations ;
_c23 cm.
440 0 _aHello reader!
_nLevel 1
500 _a"Cartwheel books."
520 _aBecause Clifford, the big red dog, imitates everything the boy does, he quickly makes a friend.
521 8 _a130
_bLexile
521 8 _aC
_bRaz-Plus
650 1 _aDogs
_xFiction.
650 1 _aImitation
_xFiction.
650 1 _aFriendship
_xFiction.
906 _a7
_bcbc
_corignew
_d1
_eocip
_f19
_gy-gencatlg
942 _2ddc
_cBK
_n0
999 _c3690
_d3690